| 000 | 00877nam a2200241 a 4500 | ||
|---|---|---|---|
| 001 | 000038998 | ||
| 005 | 20260129102427.0 | ||
| 008 | 130510s2004 dr ad 000 0 spa d | ||
| 040 |
_aDO-SdBNP _bspa _cBNPHU |
||
| 082 |
_a158.7 _bP188p, 2004 |
||
| 100 | 1 |
_aPancorbo, Francisco T. _965249 |
|
| 245 | 1 | 0 |
_aPsicología industrial y organizacional / _cFrancisco T. Pancorbo. |
| 250 | _a2ª ed. | ||
| 260 |
_aSanto Domingo : _bINDOPSIA, _c2004. |
||
| 300 |
_a253 p. : _bil., gráfcs., tabls. ; _c28 cm. |
||
| 500 | _aIncluye datos biográficos del autor en la contracubierta. | ||
| 504 | _aBibliografía: p. 240-253. | ||
| 590 | _aInventariado, 2018/MFF | ||
| 650 | 4 |
_aPsicología industrial _91577 |
|
| 650 | 0 |
_aComportamiento organizacional _91583 |
|
| 710 | 2 |
_aInstituto Dominicano de Orientación y Psicología Aplicada _965250 |
|
| 910 | _aValidado. Control de calidad EMS | ||
| 999 |
_c38488 _d38488 |
||